NAME THE BEST DUNKERS OF ALL TIME - Statistics

General Stats
  • This quiz has been taken 51 times
    30 since last reset
  • The average score is 9 of 23
Answer Stats
DUNK PLAYER % Correct
DUNK Michael Jordan
91%
DUNK Vince Carter
91%
DUNK Kobe Bryant
87%
DUNK Lebron James
74%
DUNK Zach LaVine
57%
DUNK Dwight Howard
52%
DUNK Ja Morant
52%
DUNK Spudd Webb
52%
DUNK Aaron Gordon
48%
DUNK Tracy McGrady
39%
DUNK Julius Erving
35%
DUNK Blake Griffin
26%
DUNK Zion Williamson
26%
DUNK Derrick Rose
22%
DUNK Shawn Kemp
22%
DUNK Carmelo Anthony
17%
DUNK Giannis Antetokounmpo
17%
DUNK Josh Smith
13%
DUNK J.R. Smith
13%
DUNK Jason Richardson
9%
DUNK Domonique Wilkins
4%
DUNK James Worthy
4%
DUNK Andre Igoudala
0%
No matching quizzes found
Score Distribution
Percent of People with Each Score
Percentile by Number Answered
Your Score History
You have not taken this quiz since the last reset